000 00403cam a2200157ua 4500
003 OSt
008 250505b |||||||| |||| 00| 0 eng d
041 _aeng
082 _a624.171
_bRYD/CR
100 _aRyder, Frederick L .
_97445
245 _aCreative engineering analysis /
250 _a1 /
260 _aNew Delhi :
_bPrentice Hall of India Pvt Ltd. ,
_c1963.
300 _a281 ; .
942 _cBK
999 _c7484
_d7484